| 000 | 01174nam a2200229Ia 4500 | ||
|---|---|---|---|
| 999 |
_c36673 _d36673 |
||
| 001 | 2600 | ||
| 003 | GE_BSU | ||
| 005 | 20221229113849.0 | ||
| 008 | 181216s2004||||ge |||||||||||||| ||geo|| | ||
| 020 | _a9992822384 | ||
| 040 | _cGE_BSU | ||
| 041 | _ageo | ||
| 080 | _a347.6(075.8) ჩ–59 | ||
| 100 |
_aჩიკვაშვილი, შალვა _916624 |
||
| 245 |
_aსაოჯახო სამართალი = Family law = Семейное право : _b[სახელმძღვ. უმაღლ. სასწ. იურიდ. სპეც. სტუდ.] / _cშალვა ჩიკვაშვილი ; რედ.: ლელა ნადიბაიძე. |
||
| 250 | _aმე-4 გადამუშავებული გამოცემა უახლესი ცვლილებებითა და დამატებებით. | ||
| 264 |
_aთბილისი : _bმერიიანი, _c2004. |
||
| 300 |
_a539 გვ.; _b21 სმ. |
||
| 653 | _aსაოჯახო სამართალი | ||
| 700 |
_aნადიბაიძე, ლელა, _eრედაქტორი _916625 |
||
| 942 |
_cBK _2udc |
||